Lyonel Feininger (Запис номер 208756)
[ съкратено ]
| 000 -Лидер | |
|---|---|
| Контролно поле с фиксирана дължина | 01362nam a2200409 a 4500 |
| 003 - Код на организацията, давaща контролен номер | |
| Контролно поле | BLK |
| 005 - Дата и час на последна редакция | |
| Контролно поле | 20240827134642.0 |
| 008 - Елементи от данни с фиксирана дължина | |
| fixed length control field | 180412b bul rap|r|||| r0| ||bulo| |
| 010 ## - Наследен системен номер | |
| LC control number | KNG00052850000 |
| 020 ## - Международен стандартен номер на книга ISBN | |
| Международен стандартен номер на книга ISBN | 3-7913-0993-5 |
| 040 ## - Източник на каталожния запис | |
| Идентификатор на билиотеката - собственик на записа | BLK |
| 041 ## - Код за език | |
| Код за езика на текст/звукозапис или на отделно заглавие | Немски |
| Код за езика КДБФ | Немски |
| 080 ## - УДК | |
| Текстов определител УДК | Живопис - художници |
| УДК код - определител по УДК | 75.071.1 |
| УДК определител | (430)(092) |
| УДК - код + определител | 75.071.1(430)(092) |
| 080 ## - УДК | |
| УДК код - определител по УДК | 929 Фейнингер, Лионел |
| УДК - код + определител | 929 Фейнингер, Лионел |
| 100 1# - Редна дума - Автор | |
| Автор | Luckhard, Ulrich |
| Авторска отговорност | първи автор |
| R(LIN) | 17324 |
| 139 ## - Редно поле | |
| Редна дума | Luckhard, Ulrich |
| Авторски знак | Лини - Л 64 |
| 245 10 - Сведения за заглавието | |
| Заглавие | Lyonel Feininger |
| Редно поле (дума) | Ulrich Luckhard. |
| 257 ## - Страна на издаване | |
| Страна на създаване/издаване | Германия |
| 260 ## - Област на издателските данни | |
| Име на издателя, разпространителя и проч. | Prestel |
| Година на издаване | 1989 |
| Място на издаване, разпространение и проч. | Мunchen |
| 300 ## - Физическа характеристика | |
| Страници | 187 c |
| Илюстрации и др. | с ил. |
| Размери/Мащаб | 31 cm |
| 380 ## - Жанр | |
| Жанр | Изкуство |
| 600 14 - Име на лице, използвано като предмет | |
| За него / За нея | Файнингер, Лионел |
| 9 (RLIN) | 222313 |
| 650 #4 - Допълнително описание по предмет – тема | |
| Основно описание – тема или топоним | Художници, немски - биографии |
| 9 (RLIN) | 281061 |
| 650 #4 - Допълнително описание по предмет – тема | |
| Основно описание – тема или топоним | Файнингер, Лионел - биографии |
| 9 (RLIN) | 175131 |
| 653 ## - Ключова дума – ненормативна | |
| Ключова дума | немски художници |
| 653 ## - Ключова дума – ненормативна | |
| Ключова дума | биографии |
| 653 ## - Ключова дума – ненормативна | |
| Ключова дума | Лионел Файнингер |
| 852 ## - Местоположение | |
| Систематично-азбучна сигнатура | 75/(092)/Л 64 |
| 856 4# - Електронен адрес и достъп | |
| Електронен формат | pdf - файл |
| Път до файла /url/ | |
| 856 4# - Електронен адрес и достъп | |
| Електронен формат | pdf - файл |
| Път до файла /url/ | |
| 942 ## - АРТИКУЛИ | |
| Вид на библиотечния материал | Книги |
| Скрит в OPAC | Не |
| 944 ## - СЪЗДАВАНЕ И РЕДАКЦИЯ на ЗАПИСА | |
| Създаване/Редакция | Създаване |
| Дата на регистрацията/редакция | 01.01.1999 |
| Служител, извършил регистрацията/редакцията | 30545 |
| Статус, дата на статуса | Нора Радева |
| 944 ## - СЪЗДАВАНЕ И РЕДАКЦИЯ на ЗАПИСА | |
| Създаване/Редакция | Редакция |
| Дата на регистрацията/редакция | 13.02.2017 |
| Служител, извършил регистрацията/редакцията | Лили_Борисова |
| 999 ## - СИСТЕМНИ КОНТРОЛНИ НОМЕРА | |
| Koha biblionumber | 208756 |
| Koha biblioitemnumber | 208756 |
| 999 ## - СИСТЕМНИ КОНТРОЛНИ НОМЕРА | |
| Koha biblioitemnumber | 208756 |
| 999 ## - СИСТЕМНИ КОНТРОЛНИ НОМЕРА | |
| Koha biblioitemnumber | 208756 |
| 999 ## - СИСТЕМНИ КОНТРОЛНИ НОМЕРА | |
| Koha biblioitemnumber | 208756 |
| Код за отписване | Код за изгубен артикул | Източник на класификационната схема | Код за повреда | Коз за рестрикции | Код за отдаване | Артикулен № | Име на библиотеката - собственик | Име на библиотеката, в която се намира в момента | Статус (Текущо местоположение) | Дата на вписване в системата | Местоположение - отдел | Цена в лева | Инвентарен номер | Систематично азбучна сигнатура | Баркод | Номер на екземпляра | Цена в евро | Служебна бележка | Служебен тип на артикула |
|---|---|---|---|---|---|---|---|---|---|---|---|---|---|---|---|---|---|---|---|
| Не е изгубен | Universal Decimal Classification | Не е повреден | без рестрикции | заемане за дома | 359876 | Регионална библиотека "Любен Каравелов" Русе | Регионална библиотека "Любен Каравелов" Русе | Отдел Изкуство - подръчен фонд | 2002-01-01 | Отдел Изкуство - подръчен фонд | 40.00 | 120000911382 | 75(092)/Л 64 | 120000911382 | 1 | 20.45 | Дост: Da Дата: 01.01.1989 | Книги |